000 00967nam a22002897a 4500
003 BPGM
005 20260630181038.0
008 260630e2001 mx ab||gr||||s001 0 spa d
020 _a968-6836-10-1
040 _aBPGM
_bspa
041 _aSPA
_hSPA
082 0 4 _a972.027245
_bS92
100 _aSUAREZ MUÑOZ, MANUEL.
_eAUTOR.
245 _aDEL REINO A LA REPUBLICA.
_bQUERETARO, 1786-1823.
250 _aPRIMERA EDICION,
_bDICIEMBRE DE 2001.
260 _aQUERÉTARO.
_bGOBIERNO DEL ESTADO DE QUERÉTARO.
_c2001.
300 _a705 páginas,
_c30 cm x 24.5 cm.
336 _2rdacontent
_atexto
_btxt
337 _2rdamedia
_asin mediación
_bn
338 _2rdacarrier
_avolumen
_bnc
490 0 _aDEL REINO A LA REPUBLICA
_vV.1
650 _aMESOAMERICA (AMERICA MEDIA) MEXICO
650 _aHISTORIA GENERAL DE AMERICA DEL NORTE
650 _aMEDIOS NOTICIOSOS, PERIODISMO, PUBLICACION
700 _aJIMENEZ GOMEZ, JUAN RICARDO.
_eCOAUTOR
942 _2ddc
_cCOLQ
999 _c68711
_d68711